Racionalizácia technológie zvárania v ZŤS Vyhne : Diplomová práca

Na minha lista:
Detalhes bibliográficos
Autor principal: Černý, Juraj (Author)
Outros Autores: Koprda, Jozef (xxx)
Formato: Manuscrito Livro
Idioma:eslovaco
Publicado em: Trnava : SVŠT v Bratislave StF KZZS, 1991
Assuntos:
Tags: Adicionar Tag
Sem tags, seja o primeiro a adicionar uma tag!

MARC

LEADER 00000ntm a22000003a 4500
001 stu118834
005 20160719162745.8
008 060525s1991----cs------------------slo-d
040 |a STU  |b slo 
041 0 |a slo 
044 |a cs 
100 1 |a Černý, Juraj  |4 aut 
245 1 |a Racionalizácia technológie zvárania v ZŤS Vyhne :  |b Diplomová práca 
260 |a Trnava :  |b SVŠT v Bratislave StF KZZS,  |c 1991 
300 |a 48 s  |c príl 
650 7 |a strojárska technológia  |2 stusub 
650 7 |a zváranie  |2 stusub 
700 1 |a Koprda, Jozef  |4 xxx 
996 |b 284M073103  |c M*DP-3117  |l MMSKP  |s P  |a 0  |w stu118834_0001